| 000 | 01130cam a22002054a 4500 | ||
|---|---|---|---|
| 005 | 20250605164103.0 | ||
| 008 | 250528s ||||||||||||||||||||||||d | ||
| 035 | _a17623 | ||
| 020 | _a9780415509879 | ||
| 040 |
_aGR-AtMCL _bgre _dGR-AtMCL _eAACR2 |
||
| 245 | 1 | _aIntroduction to Estimating for Construction | |
| 250 | _a1st | ||
| 260 |
_bRouledge, _c2013 |
||
| 300 | _a196 | ||
| 520 | _aThis textbook explains both the traditional techniques and best practice in early contractor involvement situations, within the framework of modern construction procurement. Foreword, Acknowledgements, Introduction to Estimating Construction Work, The Nature of Costs in Construction, Early Contractor Involvement in Tendering Procedures, The Stages of Development of Construction Projects, Estimating Techniques at Inception and Design Stages, Estimating Techniques at Design Completion Stage, Conversion of a Contractor's Estimate, The Construction Stage, Other Costs Applicable to Construction Work, References and Further Reading, Index. | ||
| 700 | 1 |
_aGreenhalgh Brian _93807 |
|
| 942 | _cBK | ||
| 999 |
_c3026 _d3026 |
||